Giáo trình lý thuyết nghiệp vụ lễ tân (Dùng trong các trường THCN)

Guardado en:
Detalles Bibliográficos
Autor principal: Phạm, Thị Thu Cúc
Formato: Libro
Lenguaje:Undetermined
Publicado: Hà Nội Nxb. Hà Nội 2005
Materias:
Etiquetas: Agregar Etiqueta
Sin Etiquetas, Sea el primero en etiquetar este registro!
Thư viện lưu trữ: Trung tâm Học liệu Trường Đại học Cần Thơ
LEADER 00625nam a2200205Ia 4500
001 CTU_106293
008 210402s9999 xx 000 0 und d
020 |c 32500 
082 |a 338.47 
082 |b C506 
100 |a Phạm, Thị Thu Cúc 
245 0 |a Giáo trình lý thuyết nghiệp vụ lễ tân 
245 0 |b (Dùng trong các trường THCN) 
245 0 |c Phạm Thị Thu Cúc 
260 |a Hà Nội 
260 |b Nxb. Hà Nội 
260 |c 2005 
650 |a Service industries 
904 |i Tuyến (Nguyên sửa) 
980 |a Trung tâm Học liệu Trường Đại học Cần Thơ